Statystyki dla Rozpoznaj rapera po albumie.

Kliknij tutaj aby rozwiązać quiz!

Ogólne statystyki

  • Ten quiz został rozwiązany 497 razy
  • Średni wynik to 8 z 14

Statystyki odpowiedzi

AlbumRaper% Poprawnych
100 dni do matury (Jeszcze nie wydane)Mata
96%
RockstarWhite 2115
88%
BOAReTo
82%
Pocztówka z WWA. Lato 2k19Taco Hemingway
81%
Soma 0,5 mgTaconafide
80%
PlanszeJan-rapowanie x Nocny
66%
AntihypeSarius
65%
Hyper 2000Białas x Lanek
59%
FIT (Jeszcze nie wydane)Tymek
53%
+18Kubi Producent
51%
BejbiBeteo
41%
AudioteleSchafter
40%
BipolarFilipek
24%
Opowieści z doliny smokówBedoes x Lanek
20%

Rozkład punktacji

Percentyl według liczby udzielonych odpowiedzi

Procent ludzi z każdym wynikiem

Twoja historia wyników

Nie rozwiązałeś tego quizu